Celebrity Doppelgängers in History Quiz Stats

 Plays Quiz Updated Sep 26, 2016

Also try: Celebrity Man Buns
Challenge
Share
Tweet
Score 0/8 Timer 01:00
7 Plays Today
% Correct
Zora Neale Hurston
96.7%
Zubaida Tharwat
96.5%
Mahir Cayan
95.4%
Nicolae Grigorescu
94.6%
Paul Mounet
93.4%
Rose Wilder Lane
93.3%
Sir David Wilkie
93.3%
Millard Fillmore
92.9%

You're not logged in!

Compare scores with friends on all Sporcle quizzes.
OR
Log In

You Might Also Like...

Show Comments

Extras

Top Quizzes Today


Score Distribution

Your Account Isn't Verified!

In order to create a playlist on Sporcle, you need to verify the email address you used during registration. Go to your Sporcle Settings to finish the process.

Report this User

Report this user for behavior that violates our Community Guidelines.

Details: